Statistiques concernant Villes les plus peuplées de Haute-Savoie

Cliquez ici pour prendre le quiz!

Statistiques générales

  • Ce quiz a été pris 571 fois
  • Le résultat moyen est 10 sur 21

Statistiques - réponses

PopulationVille% Correct
52 029Annecy
99%
34 953Annemasse
90%
8 822Evian-les-Bains
78%
34 973Thonon-les-Bains
78%
8 997Chamonix-Mont-Blanc
77%
12 575Bonneville
71%
17 510Cluses
67%
15 754Sallanches
60%
13 253Saint-Julien-en-Genevois
54%
14 836Rumilly
52%
11 465La-Roche-sur-Foron
47%
20 166Seynod
43%
19 990Annecy-le-Vieux
41%
11 589Gaillard
32%
16 341Cran-Gévrier
30%
10 795Passy
26%
8 521Ville-la-Grand
22%
7 611Faverges-Seythenex
19%
8 357Meythet
18%
8 167Scionzier
14%
8 200Vétraz-Monthoux
10%

Distribution des résultats

Percentile par nombre de réponses

% des personnes avec chaque résultat

Votre développement - résultats

Vous n’avez pas pris ce quiz